Determinación de tensiones dinámicas en un sistema cable masa mediante series de funciones no ortogonales /
Guardado en:
| Autor Principal: | |
|---|---|
| Otros Autores: | , |
| Formato: | Libro |
| Idioma: | Spanish |
| Publicado: |
Bahía Blanca :
Universidad nacional del Sur,
1973.
|
| Etiquetas: |
Agregar Etiqueta
Sin Etiquetas, Sea el primero en etiquetar este registro!
|
| LEADER | 00627nam a22001695a 4500 | ||
|---|---|---|---|
| 001 | EUN.um034136 | ||
| 003 | AR-BaUNS | ||
| 005 | 20050623122908.0 | ||
| 008 | 041125s1973####ag############000#0#spa#d | ||
| 245 | 1 | 0 | |a Determinación de tensiones dinámicas en un sistema cable masa mediante series de funciones no ortogonales / |c Patricio A. A. Laura, Jorge A. Reyes, Raúl E. Rossi. |
| 260 | |a Bahía Blanca : |b Universidad nacional del Sur, |c 1973. | ||
| 300 | |a 11 h. | ||
| 100 | 1 | |a Laura, Patricio A. A. | |
| 700 | 1 | |a Reyes, Jorge A. | |
| 700 | 1 | |a Rossi, Raúl E. | |
| 082 | 0 | 4 | |a 621.85 |
| 859 | |a Ar-BaUNS |b BIB. CENTRAL - Sector C |h 621.85 |i L373 |p 67807/973 | ||
